Kỹ thuật nuôi : Cá chình, chạch đồng, bống bớp, cà ra, rùa vàng, cầu gai

Sách hướng dẫn kỹ thuật nuôi các loài cá như: cá chình, chạch đồng, bống bớp, cà ra, rùa vàng, cầu gai.

Na minha lista:
Detalhes bibliográficos
Autor principal: Ngô, Trọng Lư
Formato: Livro
Idioma:Undetermined
Publicado em: Thành phố Hồ Chí Minh Nông nghiệp 1998
Assuntos:
Tags: Adicionar Tag
Sem tags, seja o primeiro a adicionar uma tag!
Thư viện lưu trữ: Trung tâm Học liệu Trường Đại học Cần Thơ
LEADER 00795nam a2200217Ia 4500
001 CTU_160901
008 210402s9999 xx 000 0 und d
020 |c 8000 
082 |a 639.3 
082 |b L550 
100 |a Ngô, Trọng Lư 
245 0 |a Kỹ thuật nuôi : 
245 0 |b Cá chình, chạch đồng, bống bớp, cà ra, rùa vàng, cầu gai 
245 0 |c Ngô Trọng Lư 
260 |a Thành phố Hồ Chí Minh 
260 |b Nông nghiệp 
260 |c 1998 
520 |a Sách hướng dẫn kỹ thuật nuôi các loài cá như: cá chình, chạch đồng, bống bớp, cà ra, rùa vàng, cầu gai. 
650 |a Fish culture 
904 |i Giang 
980 |a Trung tâm Học liệu Trường Đại học Cần Thơ